000 00436nam a2200205Ia 4500
001 11596
003 GE_BSU
008 181216s||||||||xx |||||||||||||| ||und||
020 _a9781841497105
040 _cGE_BSU
080 _a821.111-32
100 _aArmstrong,Kelley.
245 4 _aThe summoning.
260 _aLondon
260 _bSphere.
260 _c2008.
300 _a390p;18cm.
653 _aThe summoning.
942 _cBK
999 _c44791
_d44791